| 000 | 00658nam a2200229 i 4500 | ||
|---|---|---|---|
| 001 | 28762 | ||
| 003 | ES-MaACL | ||
| 005 | 20230906153926.0 | ||
| 007 | t| | ||
| 008 | 030120s1971 sp ||||1| spa d | ||
| 080 | _a34:396 | ||
| 100 | 1 |
_aBalada Ortega, Otero. _924796 |
|
| 245 | 1 | 4 |
_aLos derechos jurÃdicos de la mujer / _cOtero y Luis Balada Ortega. |
| 260 |
_aMadrid : _bAlameda, _c[1971] |
||
| 300 |
_a61 p. ; _c17 cm. |
||
| 490 | 1 |
_aOtra mujer ; _v13 |
|
| 650 | 4 |
_aMujeres- _vEstatuto jurÃdico. _9163791 |
|
| 700 | 1 |
_aBalada Ortega, Luis. _924795 |
|
| 830 | 1 |
_aOtra mujer ; _v13 _9182021 |
|
| 852 | 4 |
_aES-MaACL _jC-44931 |
|
| 999 |
_c28762 _d28762 |
||